Представление документа в формате MARC21

Поле Инд. ПП Название Значение
Тип записи a
Библиографический уровень m
001 _ Контрольный номер RU/ЭБС IPR BOOKS/104667
005 Дата корректировки 20250915130934.7
008 Кодируемые данные 211122s2021 RU y f j 000 1 rus u
020 a ISBN 978-5-907225-59-6
040 c Служба, преобразующая запись ЭБС IPR BOOKS
041 a Код языка текста rus
044 a Код страны публикации RU
080 a Индекс УДК 796.01
084 2 Источник индекса rubbk
a Индекс другой классификации/Индекс ББК 75.1
100 1_ a Автор Матвеев, Л. П.
4 Код отношения 070
245 a Заглавие Теория и методика физической культуры
b Продолж. заглавия учебник для высших учебных заведений физкультурного профиля
c Ответственность Л. П. Матвеев
250 g 2024-03-01
a Основные сведения об издании Теория и методика физической культуры
256 a Характеристики компьютерного файла Электрон. дан. (1 файл)
260 a Место издания Москва
b Издательство Издательство «Спорт»
c Дата издания 2021
300 a Объем 520 с.
500 a Примечание Книга находится в премиум-версии ЭБС IPR BOOKS.
516 a Прим. о типе комп. файла/ данных Текст
520 a Аннотация Учебник написан в соответствии с действующей официальной программой общепрофилирующей дисциплины учебного плана для высших учебных заведений физкультурного образования – теории физической культуры и спорта. В учебнике содержится материал по двум основным разделам данной дисциплины: первый вводит в интегративную теорию физической культуры, а второй раскрывает общие концептуальные и научно-прикладные основы физического воспитания как главного процесса педагогически направленного функционирования физической культуры в обществе. Учебник рассчитан на бакалаврский уровень образования, но может быть использован и для углубления знаний в соответствии с требованиями следующего уровня высшего образования.
521 a Примеч. о целев. назн. Гарантированный срок размещения в ЭБС до 01.03.2024 (автопролонгация)
538 a Прим. о системных особенностях электронный
653 a Ключевые слова физическая активность
653 a Ключевые слова физическая культура
653 a Ключевые слова физическое воспитание
653 a Ключевые слова спорт
856 4_ u URL http://www.iprbookshop.ru/104667.html
z Примечание для пользователя Участвует в КО